00862nam a2200253 a 450000100100000000500170001000800410002702000150006804000250008304100130010808200170012110000200013824501350015826000480029330000210034149000180036250000560038065000300043665000320046670000310049870000250052970000360055483000180059000001074120200929162302.0091009s2002 pr 000 p spa d a1881715906 aDO-SdBNPbspacBNPHU17aeng2spa aPR861bP433p1 aPerdomo, Willie10aPostcards of el barrio /cWillie Perdomo ; traducción Mayra Santos Febres y Rafael Franco ; Corrección José María Seibó. aSan Juan, Puerto Rico :bIsla Negra,c2002. a107 p. ;c22 cm.1 aFilo de Fuego aIncluye datos biográficos del autor en la solapa. 4aPoesía puertorriqueña 4aLiteratura puertorriqueña1 aSantos Febres, Mayra,etr.1 aFranco, Rafael,etr.1 aSeibó, José María,ecorr. 0aFilo de Fuego